000 00657nam a2200277Ia 4500
005 20260324114217.0
008 008 260324s9999 xx 000 0 eng d
020 _a9781003276241
037 _aEBOOK
040 _aCRL
040 _beng
040 _cCRL
041 _2eng
041 _aeng
084 _qCRL
100 _aFrancesca Minnie Hardy
_91149870
245 4 _aThe Body in Jean-Luc Godard's New Wave Films
260 _bTaylor and Francis
260 _c2023
365 _a
365 _b82.99
856 _uhttp://www.taylorfrancis.com/books/9781003276241
942 _cEBOOK
999 _c1739921
_d1739921